| 000 | 00376nam a2200145Ia 4500 | ||
|---|---|---|---|
| 005 | 20250313112437.0 | ||
| 008 | 240331s9999 xx 000 0 und d | ||
| 082 |
_bGAN _a894 |
||
| 100 | _aGanesalingam, S | ||
| 245 | 0 | _aAjalavargal | |
| 260 |
_aVadapalani _bKumaran Publishers _c1995 |
||
| 300 | _a216 p ., | ||
| 500 | _aA Novel About 83 Sri Lankan Tamil Peoples | ||
| 942 | _cL | ||
| 999 |
_c3759 _d3759 |
||